[Event "SVK-chT5 SE-SI 1314"]
[Site "Slovakia"]
[Date "2014.02.01"]
[Round "7.1"]
[White "Nemeckay, Rastislav"]
[Black "Beran, Jan"]
[Result "1/2-1/2"]
[WhiteElo "1986"]
[BlackElo "1694"]
[PlyCount "55"]
[EventDate "2013.10.19"]
[EventType "team-tourn"]
[EventRounds "11"]
[EventCountry "SVK"]
[SourceTitle "EXT 2022"]
[Source "ChessBase"]
[SourceDate "2021.10.06"]
[SourceVersion "1"]
[SourceVersionDate "2021.10.06"]
[SourceQuality "1"]
[WhiteTeam "Borsky Mikulas"]
[BlackTeam "Senica Slovakia"]
[WhiteTeamCountry "SVK"]
[BlackTeamCountry "SVK"]

1. e4 e5 2. Nf3 d6 3. d4 exd4 4. Qxd4 Nc6 5. Bb5 Bd7 6. Bxc6 Bxc6 7. Nc3 Nf6 8. Bg5 Be7 9. 0-0-0 0-0 10. Rhe1 h6 11. Bh4 Nh7 12. Bxe7 Qxe7 13. Nd5 Bxd5 14. exd5 Qf6 15. Re2 Qxd4 16. Nxd4 Rfe8 17. Rde1 Nf6 18. c4 Rxe2 19. Rxe2 Re8 20. Rxe8+ Nxe8 21. Kd2 a6 22. b4 Nf6 23. f3 g6 24. Kd3 Kf8 25. Nb3 b6 26. Nd4 Nd7 27. f4 Ke8 28. a4 1/2-1/2

[Event "SVK-chT3A2 0607"]
[Site "Slovakia"]
[Date "2006.12.03"]
[Round "5"]
[White "Beran, Jan"]
[Black "Brisudova, Veronika"]
[Result "0-1"]
[WhiteElo "1686"]
[BlackElo "1664"]
[PlyCount "110"]
[EventDate "2006.10.08"]
[EventType "team-tourn"]
[EventRounds "11"]
[EventCountry "SVK"]
[SourceTitle "EXT 2008"]
[Source "ChessBase"]
[SourceDate "2007.11.25"]
[SourceVersion "1"]
[SourceVersionDate "2007.11.25"]
[SourceQuality "1"]
[WhiteTeam "Senica II"]
[BlackTeam "Holic"]
[WhiteTeamCountry "SVK"]
[BlackTeamCountry "SVK"]

1. d4 d5 2. c4 e5 3. e3 Nc6 4. dxe5 d4 5. a3 Be6 6. Nf3 dxe3 7. Qxd8+ Rxd8 8. Bxe3 Nge7 9. Nbd2 Ng6 10. Be2 Be7 11. 0-0 0-0 12. Nb3 Ngxe5 13. Nxe5 Nxe5 14. Nd2 b6 15. b3 Ng4 16. Bxg4 Bxg4 17. f3 Bf5 18. Ne4 Rd3 19. Bf4 Bxe4 20. fxe4 Rxb3 21. Rf3 Bc5+ 22. Kf1 Rxf3+ 23. gxf3 Bd4 24. Rd1 c5 25. Ke2 Re8 26. Kd3 Re6 27. Be3 Bf6 28. Ke2 h6 29. Rd7 Re7 30. Rd8+ Kh7 31. Rd5 Bb2 32. a4 g5 33. h3 Kg6 34. Kd3 Kh5 35. f4 f6 36. fxg5 hxg5 37. Bf2 Kg6 38. Bg3 Rh7 39. Bb8 Rxh3+ 40. Ke2 Rc3 41. e5 Rxc4 42. exf6 Kxf6 43. Bxa7 Rxa4 44. Bxb6 Re4+ 45. Kf3 Rf4+ 46. Kg3 Be5 47. Rxc5 Rb4+ 48. Kf3 Rxb6 49. Kg4 Rb4+ 50. Kf3 Kf5 51. Rc8 Rb3+ 52. Kg2 g4 53. Rf8+ Ke4 54. Rg8 Rb2+ 55. Kg1 Kf3 0-1